[Event "CRO-chT2 West"]
[Site "Rijeka"]
[Date "2020.09.12"]
[Round "1.5"]
[White "Katic, Damir"]
[Black "Mravic, Filip"]
[Result "0-1"]
[WhiteElo "1812"]
[BlackElo "1815"]
[PlyCount "72"]
[EventDate "2020.09.12"]
[EventType "team-tourn"]
[EventRounds "9"]
[EventCountry "CRO"]
[SourceTitle "EXT 2022"]
[Source "ChessBase"]
[SourceDate "2021.10.06"]
[SourceVersion "1"]
[SourceVersionDate "2021.10.06"]
[SourceQuality "1"]
[WhiteTeam "Karlobag"]
[BlackTeam "Rijeka II"]
[WhiteTeamCountry "CRO"]
[BlackTeamCountry "CRO"]

1. d4 Nf6 2. c4 d5 3. Nc3 e6 4. e3 Be7 5. Nf3 0-0 6. Bd3 a6 7. b3 dxc4 8. bxc4 c5 9. d5 exd5 10. cxd5 Qc7 11. a4 Bg4 12. 0-0 Nbd7 13. e4 Ne5 14. Be2 Bd6 15. Nd2 Bxe2 16. Qxe2 c4 17. g3 Nfd7 18. f4 Bc5+ 19. Kg2 Bd4 20. Ra3 Nd3 21. Nf3 Qc5 22. Qa2 Bxc3 23. Rxc3 Nxc1 24. Rfxc1 b5 25. Qf2 Qxf2+ 26. Kxf2 Nc5 27. Ke3 Nxa4 28. R3c2 c3 29. Nd4 b4 30. Nb3 a5 31. Ra1 Nb6 32. Kd4 a4 33. Nc5 b3 34. Rxc3 b2 35. Rb1 a3 36. Nb3 Na4 0-1